|
|
|
|
| LEADER |
00000nam a2200000Ii 4500 |
| 001 |
DIGOCEANO0033 |
| 003 |
NyNyDIG |
| 006 |
m o d |
| 007 |
cr ||||||||||| |
| 008 |
240404s2016 mx o 000 0cspa d |
| 035 |
|
|
|a (OCoLC)1237410846
|
| 040 |
|
|
|a DGITA
|b eng
|e rda
|e pn
|c DGITA
|
| 020 |
|
|
|a 9786077351788
|q eBook
|
| 020 |
|
|
|z 9789706511911
|
| 050 |
1 |
4 |
|a D14 ebook
|
| 245 |
1 |
0 |
|a Arte de la biografía /
|c varios autores ; estudio preliminar de Hernán Díaz Arrieta.
|
| 250 |
|
|
|a Primera edición en libro electrónico.
|
| 264 |
|
1 |
|a Ciudad de México :
|b Océano,
|c [2016]
|
| 300 |
|
|
|a 1 online resource.
|
| 336 |
|
|
|a text
|b txt
|2 rdacontent
|
| 337 |
|
|
|a computer
|b c
|2 rdamedia
|
| 338 |
|
|
|a online resource
|b cr
|2 rdacarrier
|
| 347 |
|
|
|a text file
|2 rdaft
|
| 347 |
|
|
|b EPUB
|
| 588 |
0 |
|
|a Online resource; title from ePub title page (Digitalia, viewed April 4, 2024)
|
| 650 |
|
0 |
|a Historians
|v Biography.
|
| 650 |
|
0 |
|a Philosophers
|v Biography.
|
| 650 |
|
0 |
|a Poets
|v Biography.
|
| 655 |
|
7 |
|a Biographies.
|2 lcgft
|
| 700 |
1 |
|
|a Díaz Arrieta, Hernán,
|d 1891-1984,
|e contributor agent of text.
|
| 791 |
2 |
|
|a Digitalia (Firm),
|e distributor.
|
| 793 |
0 |
|
|g Digitalia eBook Collection:
|a Editorial Océano
|
| 776 |
0 |
8 |
|i Print version:
|t Arte de la biografía.
|d Ciudad de México : Océano, [2016]
|z 9789706511911
|
| 856 |
4 |
0 |
|3 Digitalia Hispánica
|u https://www.digitaliapublishing.com/a/85230/
|
| 910 |
|
|
|a Premium collection: 2024
|